Instituciones penales argentinas : (Registro nro. 64647)
[ vista simple ]
| 000 - Líder | |
|---|---|
| Campo de control de longitud fija | 00736nam a22002177a 4500 |
| 003 - Identificador de número de control | |
| Campo de control | OSt |
| 005 - Fecha y hora de la última transacción | |
| Campo de control | 20260407082353.0 |
| 008 - Elementos de datos de longitud fija - Información general | |
| Campo de control de longitud fija | 260407b ar ||||| |||| 00| 0 spa d |
| 040 ## - Fuente de catalogación | |
| Agencia de catalogación | HCSPBA |
| 041 ## - Código de idioma | |
| Idioma | Español |
| 942 ## - Elementos de entrada adicional | |
| Tipo de ítem | LIBROS |
| 100 ## - Autor | |
| Nombre personal | Malagarriga, Carlos César |
| 245 ## - Título propiamente dicho | |
| Título | Instituciones penales argentinas : |
| Resto del título | Textos legales. |
| Número de parte/sección de una obra | Tomo 2. |
| Nombre de la parte/sección de una obra | Código de procedimientos en materia penal para el fuero federal y tribunales ordinarios de la Capital y de los Territorios Nacionales |
| 260 ## - Publicación, Distribución, etc. | |
| Lugar de publicación, distribución, etc. | Buenos Aires. |
| Fecha de publicación, distribución, etc. | 1929. |
| Nombre del editor, distribuidor, etc. | Jesús Menéndez. |
| 300 ## - Descripción física | |
| Extensión | 3 v. |
| 505 ## - Nota de contenido formateado | |
| Nota de contenido/Índice | Indice |
| 505 ## - Nota de contenido formateado | |
| Nota de contenido/Índice | Segunda parte. Códigos (continuación) |
| 650 ## - Asunto - Temas | |
| Tema | ESTABLECIMIENTOS PENITENCIARIOS |
| 650 ## - Asunto - Temas | |
| Tema | DERECHO PENAL |
| 651 ## - Asunto - Nombre geográfico | |
| Nombre geográfico | ARGENTINA |
| 999 ## - | |
| -- | 64647 |
| -- | 134116 |
| Biblioteca depositaria | Tipo de ítem | Colección | Signatura topográfica | Código de barra | Préstamo - Restricciones | Fecha de adquisición |
|---|---|---|---|---|---|---|
| Biblioteca Legislativa y Pública "Eva Perón" | LIBROS | Fondo general | 1120 T.2 | LEG-LIB-031744 | Sala de lectura | 07.04.2026 |